Statistics for Who Did That Metal Album? Multiple Choice Quiz #2

Click here to take the quiz!

General Stats

  • This quiz has been taken 13 times
    (12 since last reset)
  • The average score is 10 of 20

Answer Stats

Question Answer % Correct
Ace of Spades (1980)Motörhead
88%
Peace Sells... but Who's Buying? (1986)Megadeth
75%
Follow the Leader (1998)Korn
75%
Seasons in the Abyss (1990)Slayer
75%
City of Evil (2005)Avenged Sevenfold
75%
Defenders of the Faith (1984)Judas Priest
63%
Images and Words (1992)Dream Theater
63%
Nightfall in Middle-Earth (1998)Blind Guardian
63%
Twilight of the Thunder God (2008)Amon Amarth
63%
Psalm 69: The Way to Succeed and the Way to Suck Eggs (1992)Ministry
50%
Night of the Stormrider (1991)Iced Earth
38%
Wishmaster (2000)Nightwish
38%
Babylon (2002)Skindred
38%
obZen (2008)Meshuggah
38%
Monoliths & Dimensions (2009)Sunn O)))
25%
Tonight the Stars Revolt! (1999)Powerman 5000
25%
Scream Bloody Gore (1987)Death
25%
L.D. 50 (2000)Mudvayne
25%
Legion (1992)Deicide
25%
Through the Ashes of Empires (2003)Machine Head
13%

Score Distribution

Percentile by Number Answered

Percent of People with Each Score

Your Score History

You have not taken this quiz since the last reset